书目信息 |
| 题名: |
清华园的故事
|
|
| 作者: | 张宏杰 著 | |
| 分册: | ||
| 出版信息: | 广州 花城出版社 1998.09 |
|
| 页数: | 357页 | |
| 开本: | 32开 | |
| 丛书名: | ||
| 单 册: | ||
| 中图分类: | ||
| 科图分类: | ||
| 主题词: | 小说--中国 | |
| 电子资源: | ||
| ISBN: | 7-5360-2859-8 | |
| 000 | 00555nam0 2200205 45 | |
| 001 | 9909241783 | |
| 005 | 20001028153936.8 | |
| 010 | @a7-5360-2859-8@d16.00元 | |
| 100 | @a19990924d1998 km y0chiy0120 ea | |
| 101 | @achi | |
| 105 | @a z 000yy | |
| 200 | 1 | @a清华园的故事@AQing Hua Yuan De Gu Shi@f张宏杰著@FZhang Hong Jie Zhu |
| 210 | @a广州@c花城出版社@d1998.09 | |
| 215 | @a357页@d32开 | |
| 606 | 0 | @a小说@x中国 |
| 690 | @v3 | |
| 690 | @aI247.5@v3 | |
| 701 | @a张宏杰@4著 | |
| 801 | @aCN@bPFTUser@c19990924 | |
| 905 | @dI247.5@eZH346@b194718-722@f5 | |
| 清华园的故事/张宏杰著.-广州:花城出版社,1998.09 |
| 357页;32开 |
| ISBN 7-5360-2859-8:16.00元 |
| ● |
| 相关链接 |
|
|
|
正题名:清华园的故事
索取号:I247.5/ZH346
 
预约/预借
| 序号 | 登录号 | 条形码 | 馆藏地/架位号 | 状态 | 备注 |
| 1 | 194718 | 201947180 | 社科二线422/422社科库 4排1列2层/ [索取号:I247.5/ZH346] | 在馆 | |
| 2 | 194719 | 201947199 | 文学库108/ [索取号:I247.5/ZH346] | 在馆 | |
| 3 | 194720 | 201947206 | 文学库108/ [索取号:I247.5/ZH346] | 在馆 | |
| 4 | 194721 | 201947215 | 社科二线422/422社科库 4排1列2层/ [索取号:I247.5/ZH346] | 在馆 | |
| 5 | 194722 | 201947224 | 文学库108/ [索取号:I247.5/ZH346] | 在馆 | |
| 6 | 338804 | 203388048 | 文学库108/ [索取号:I247.5/ZH346] | 在馆 | |
| 7 | 40610 | 200406104 | 社科二线400B/400B社科库 21排4列2层/ [索取号:I247.5/ZH346] | 在馆 | |
| 8 | 40611 | 200406113 | 文学库108/ [索取号:I247.5/ZH346] | 在馆 | |
| 9 | 40612 | 200406122 | 社科二线400B/400B社科库 18排3列5层/ [索取号:I247.5/ZH346] | 在馆 |